[Event "Steinfurt Bezirksklasse 1011"]
[Site "Germany"]
[Date "2011.02.05"]
[Round "6.7"]
[White "Benson, Andre"]
[Black "Altenaehr, Johannes"]
[Result "1-0"]
[WhiteElo "1386"]
[BlackElo "1435"]
[PlyCount "53"]
[EventDate "2010.09.25"]
[EventType "team-tourn"]
[EventRounds "9"]
[EventCountry "GER"]
[SourceTitle "EXT 2012"]
[Source "ChessBase"]
[SourceDate "2011.11.24"]
[SourceVersion "1"]
[SourceVersionDate "2011.11.24"]
[SourceQuality "1"]
[WhiteTeam "Nordwalde II"]
[BlackTeam "Rheine CC"]
[WhiteTeamCountry "GER"]
[BlackTeamCountry "GER"]

1. e4 Nc6 2. d4 d5 3. exd5 Qxd5 4. Nf3 Bg4 5. Be3 Bxf3 6. gxf3 e6 7. Nc3 Bb4 8. Bg2 Nge7 9. 0-0 Bxc3 10. bxc3 Nf5 11. f4 Qd8 12. Bxc6+ bxc6 13. Qf3 Qd6 14. Rab1 0-0 15. Rfd1 Qa3 16. Qxc6 Qxa2 17. Rdc1 Qd5 18. Qxd5 exd5 19. Rb5 c6 20. Rc5 Rfc8 21. c4 dxc4 22. Rxf5 a5 23. Ra1 a4 24. Rc5 a3 25. Ra2 Rcb8 26. Rxc6 Rb2 27. Rxa3 1-0

[Event "Steinfurt Bezirksklasse 1011"]
[Site "Germany"]
[Date "2010.09.25"]
[Round "1.7"]
[White "Erber, Georg"]
[Black "Benson, Andre"]
[Result "0-1"]
[WhiteElo "1110"]
[BlackElo "1386"]
[PlyCount "56"]
[EventDate "2010.09.25"]
[EventType "team-tourn"]
[EventRounds "9"]
[EventCountry "GER"]
[SourceTitle "EXT 2012"]
[Source "ChessBase"]
[SourceDate "2011.11.24"]
[SourceVersion "1"]
[SourceVersionDate "2011.11.24"]
[SourceQuality "1"]
[WhiteTeam "Saerbeck III"]
[BlackTeam "Nordwalde II"]
[WhiteTeamCountry "GER"]
[BlackTeamCountry "GER"]

1. c4 Nf6 2. Nf3 e6 3. Nc3 Bc5 4. d4 Bb4 5. Qb3 Bxc3+ 6. Qxc3 d5 7. c5 Nc6 8. Bf4 Ne4 9. Qe3 Nb4 10. Kd1 c6 11. Nd2 f5 12. Nxe4 fxe4 13. Qc3 0-0 14. g3 Na6 15. h4 b6 16. b4 bxc5 17. bxc5 Nc7 18. e3 Ne8 19. Be2 a5 20. a4 Ba6 21. Kd2 Bxe2 22. Kxe2 Nf6 23. Bg5 Qc8 24. Bxf6 Rxf6 25. Rab1 Qa6+ 26. Kd2 Rxf2+ 27. Kc1 Raf8 28. Qe1 Qc4+ 0-1

[Event "Steinfurt Bezirksklasse 0809"]
[Site "Germany"]
[Date "2009.03.07"]
[Round "5.3"]
[White "Benson, Andre"]
[Black "Schroeerluecke, Dieter"]
[Result "1-0"]
[WhiteElo "1384"]
[BlackElo "1273"]
[PlyCount "77"]
[EventDate "2008.09.13"]
[EventType "team-tourn"]
[EventRounds "7"]
[EventCountry "GER"]
[SourceTitle "EXT 2010"]
[Source "ChessBase"]
[SourceDate "2010.11.25"]
[SourceVersion "1"]
[SourceVersionDate "2010.11.25"]
[SourceQuality "1"]
[WhiteTeam "Nordwalde III"]
[BlackTeam "Ibbenbueren III"]
[WhiteTeamCountry "GER"]
[BlackTeamCountry "GER"]

1. e4 c5 2. Nf3 d6 3. Bc4 Nf6 4. d3 g6 5. Ng5 e6 6. f4 d5 7. Bb5+ Bd7 8. Bxd7+ Qxd7 9. e5 Nh5 10. g4 Ng7 11. h4 h5 12. Bd2 Nc6 13. Nc3 d4 14. Nce4 Be7 15. Nf6+ Bxf6 16. exf6 hxg4 17. fxg7 Rg8 18. Ne4 Qe7 19. Ng3 f5 20. h5 Qxg7 21. Qe2 Qf7 22. 0-0-0 0-0-0 23. hxg6 Rxg6 24. b3 Re8 25. Rde1 Qe7 26. Qf2 c4 27. Nxf5 Qa3+ 28. Kb1 c3 29. Bc1 Qc5 30. Re4 Qxf5 31. Ba3 Qa5 32. Bc1 Nb4 33. a4 Nc6 34. f5 Rf6 35. Qh4 Qxf5 36. Rf4 Qd5 37. Rxf6 Nb4 38. Rhf1 Nxd3 39. Rf8 1-0

[Event "Steinfurt Bezirksklasse 0809"]
[Site "Germany"]
[Date "2009.02.07"]
[Round "4.1"]
[White "Roewekamp, Helmut"]
[Black "Benson, Andre"]
[Result "1-0"]
[WhiteElo "1704"]
[BlackElo "1384"]
[PlyCount "71"]
[EventDate "2008.09.13"]
[EventType "team-tourn"]
[EventRounds "7"]
[EventCountry "GER"]
[SourceTitle "EXT 2010"]
[Source "ChessBase"]
[SourceDate "2010.11.25"]
[SourceVersion "1"]
[SourceVersionDate "2010.11.25"]
[SourceQuality "1"]
[WhiteTeam "Reckenfeld II"]
[BlackTeam "Nordwalde III"]
[WhiteTeamCountry "GER"]
[BlackTeamCountry "GER"]

1. e4 e5 2. Nf3 Nc6 3. Bc4 d6 4. d3 Bg4 5. c3 Bxf3 6. Qxf3 Nf6 7. Nd2 Be7 8. Nf1 Qd7 9. Ne3 0-0 10. 0-0 Na5 11. Bb3 Nxb3 12. axb3 Qb5 13. Nf5 Rfe8 14. Qg3 g6 15. Nxe7+ Rxe7 16. b4 Nh5 17. Qf3 Ng7 18. Bh6 Re6 19. Bd2 Qd7 20. Qe3 a6 21. f4 Rf8 22. fxe5 dxe5 23. Rf3 f5 24. exf5 Rxf5 25. Raf1 Rxf3 26. Qxf3 Re8 27. Bc1 c6 28. Bg5 Qf5 29. Qe3 Qd7 30. Bf6 Nf5 31. Qe2 Qe6 32. Bg5 Nd6 33. Rf6 Qd5 34. c4 Qd4+ 35. Be3 Qh4 36. Rxd6 1-0

[Event "Steinfurt Bezirksliga 0405"]
[Site "Germany"]
[Date "2005.01.15"]
[Round "5.7"]
[White "Sablin, Juriy"]
[Black "Benson, Andre"]
[Result "1-0"]
[WhiteElo "1781"]
[BlackElo "1356"]
[PlyCount "69"]
[EventDate "2004.09.25"]
[EventType "team-tourn"]
[EventRounds "11"]
[EventCountry "GER"]
[SourceTitle "EXT 2006"]
[Source "ChessBase"]
[SourceDate "2005.11.24"]
[SourceVersion "1"]
[SourceVersionDate "2005.11.24"]
[SourceQuality "1"]
[WhiteTeam "Ibbenbueren II"]
[BlackTeam "Nordwalde II"]
[WhiteTeamCountry "GER"]
[BlackTeamCountry "GER"]

1. d4 d5 2. e3 Bf5 3. Nf3 e6 4. c4 Bxb1 5. Rxb1 c6 6. a3 Nf6 7. c5 Nbd7 8. Bd3 b6 9. b4 bxc5 10. dxc5 Be7 11. Nd4 Ne5 12. Ba6 Qc7 13. Qa4 Ne4 14. Bb2 0-0 15. f4 Ng4 16. Ke2 Bf6 17. Qxc6 Qxc6 18. Nxc6 Bxb2 19. Rxb2 f5 20. Bb7 Rae8 21. Nxa7 Re7 22. c6 Nd6 23. h3 Nf6 24. b5 Nxb7 25. cxb7 Rxb7 26. Nc6 Ne4 27. Rc1 Nd6 28. a4 Nc4 29. Rb4 Rc8 30. Ne5 Rbc7 31. Nxc4 dxc4 32. Rc3 Kf7 33. a5 Rc5 34. a6 Ra8 35. Rcxc4 1-0

[Event "Steinfurt Bezirksklasse 0304"]
[Site "Germany"]
[Date "2004.03.20"]
[Round "8.6"]
[White "Benson, Andre"]
[Black "Bartsch, Jan"]
[Result "1/2-1/2"]
[WhiteElo "1396"]
[BlackElo "1487"]
[PlyCount "44"]
[EventDate "2003.09.27"]
[EventType "team-tourn"]
[EventRounds "11"]
[EventCountry "GER"]
[SourceTitle "EXT 2005"]
[Source "ChessBase"]
[SourceDate "2004.11.15"]
[SourceVersion "1"]
[SourceVersionDate "2004.11.15"]
[SourceQuality "1"]
[WhiteTeam "Nordwalde II"]
[BlackTeam "Saerbeck Falke III"]
[WhiteTeamCountry "GER"]
[BlackTeamCountry "GER"]

1. e4 e5 2. Nf3 Nc6 3. Bb5 a6 4. Bxc6 dxc6 5. d3 Bc5 6. Nxe5 Qd4 7. Ng4 Bxg4 8. Qxg4 Qxf2+ 9. Kd1 Qf6 10. Nc3 Ne7 11. Bg5 Qg6 12. Qg3 f6 13. Bf4 Qxg3 14. Bxg3 0-0-0 15. Rf1 Rhe8 16. Bf2 Bxf2 17. Rxf2 Ng6 18. Kd2 Ne5 19. h3 Nc4+ 20. Ke2 Nd6 21. Raf1 f5 22. Kf3 fxe4+ 1/2-1/2

[Event "Steinfurt Bezirksklasse 0304"]
[Site "Germany"]
[Date "2004.02.07"]
[Round "6.7"]
[White "Altenaehr, Johannes"]
[Black "Benson, Andre"]
[Result "1-0"]
[WhiteElo "1338"]
[BlackElo "1396"]
[PlyCount "99"]
[EventDate "2003.09.27"]
[EventType "team-tourn"]
[EventRounds "11"]
[EventCountry "GER"]
[SourceTitle "EXT 2005"]
[Source "ChessBase"]
[SourceDate "2004.11.15"]
[SourceVersion "1"]
[SourceVersionDate "2004.11.15"]
[SourceQuality "1"]
[WhiteTeam "Rheine CC"]
[BlackTeam "Nordwalde II"]
[WhiteTeamCountry "GER"]
[BlackTeamCountry "GER"]

1. d4 d5 2. c4 Bf5 3. g3 e6 4. Bg2 Bb4+ 5. Bd2 Nc6 6. cxd5 Bxd2+ 7. Qxd2 exd5 8. Nc3 Nf6 9. Qg5 g6 10. Nf3 Ne4 11. Qxd8+ Rxd8 12. e3 Nb4 13. 0-0 0-0 14. Nh4 Rfe8 15. Nxf5 gxf5 16. Bh3 Nxc3 17. bxc3 Na6 18. Bxf5 c5 19. Rfe1 c4 20. e4 dxe4 21. Bxe4 b5 22. Bc6 Rxe1+ 23. Rxe1 Nc7 24. Re5 b4 25. Rc5 bxc3 26. Rxc4 c2 27. Rxc2 Rxd4 28. Kg2 Ne6 29. Bb5 Kg7 30. Bc4 Nf8 31. Bb3 a5 32. Rc7 Rd7 33. Rc5 Ra7 34. Rg5+ Ng6 35. h4 Kf8 36. h5 Ne7 37. h6 Ng8 38. Rg7 Nxh6 39. Rxh7 Nf5 40. g4 Nd6 41. g5 a4 42. Bc2 Ra5 43. f4 a3 44. Kf3 Kg8 45. Rh6 Nb5 46. Kg4 Nc3 47. Bb3 Rb5 48. Ra6 Rb4 49. Rxa3 Ne2 50. Ra4 1-0

[Event "Steinfurt Bezirksklasse 0304"]
[Site "Germany"]
[Date "2004.01.10"]
[Round "5.6"]
[White "Roewekamp, Andre"]
[Black "Benson, Andre"]
[Result "0-1"]
[WhiteElo "1120"]
[BlackElo "1396"]
[PlyCount "104"]
[EventDate "2003.09.27"]
[EventType "team-tourn"]
[EventRounds "11"]
[EventCountry "GER"]
[SourceTitle "EXT 2005"]
[Source "ChessBase"]
[SourceDate "2004.11.15"]
[SourceVersion "1"]
[SourceVersionDate "2004.11.15"]
[SourceQuality "1"]
[WhiteTeam "Reckenfeld II"]
[BlackTeam "Nordwalde II"]
[WhiteTeamCountry "GER"]
[BlackTeamCountry "GER"]

1. e4 e5 2. Nf3 Bc5 3. Nxe5 Qe7 4. d4 d6 5. dxc5 dxe5 6. Be3 Nf6 7. Nc3 c6 8. Be2 0-0 9. 0-0 Rd8 10. Qe1 Bg4 11. Rd1 Nbd7 12. b4 Bxe2 13. Qxe2 a5 14. a3 axb4 15. axb4 Ra3 16. Rd3 Qe6 17. Bd2 Rda8 18. Bc1 Ra1 19. Bb2 Rxf1+ 20. Qxf1 Qc4 21. Rd1 Qxb4 22. Rb1 Qxc5 23. Qd3 h6 24. h3 b5 25. Ne2 Qb4 26. Qc3 Qxe4 27. Re1 Re8 28. Ng3 Qd5 29. Ba3 c5 30. Qe3 b4 31. Bb2 Qa2 32. Qb3 Qa6 33. Ne4 Nxe4 34. Rxe4 Qc6 35. f3 Nf6 36. Rxe5 Rxe5 37. Bxe5 Nd7 38. Ba1 Qb6 39. Qa4 c4+ 40. Kh2 Nc5 41. Qe8+ Kh7 42. Qxf7 Qd6+ 43. f4 c3 44. Qc4 Ne6 45. Kg3 g5 46. Qe4+ Kg7 47. Qe5+ Qxe5 48. fxe5 h5 49. Kf3 Nd4+ 50. Ke3 Nxc2+ 51. Kd3 Nxa1 52. e6 Kf6 0-1

[Event "Steinfurt Bezirksklasse 0304"]
[Site "Germany"]
[Date "2003.09.27"]
[Round "1.7"]
[White "Benson, Andre"]
[Black "Tebbe, Jonas"]
[Result "1-0"]
[WhiteElo "1396"]
[BlackElo "1230"]
[PlyCount "81"]
[EventDate "2003.09.27"]
[EventType "team-tourn"]
[EventRounds "11"]
[EventCountry "GER"]
[SourceTitle "EXT 2005"]
[Source "ChessBase"]
[SourceDate "2004.11.15"]
[SourceVersion "1"]
[SourceVersionDate "2004.11.15"]
[SourceQuality "1"]
[WhiteTeam "Nordwalde II"]
[BlackTeam "Nordwalde III"]
[WhiteTeamCountry "GER"]
[BlackTeamCountry "GER"]

1. e4 e5 2. Nf3 Nc6 3. d4 f6 4. dxe5 fxe5 5. Bg5 Nf6 6. Bd3 Be7 7. 0-0 Nxe4 8. Bxe7 Qxe7 9. Bxe4 0-0 10. Bxc6 bxc6 11. Nc3 d6 12. h3 c5 13. Qd5+ Be6 14. Qd1 Rf6 15. Nd5 Qf7 16. Nxf6+ gxf6 17. b3 Qg6 18. Kh2 Kh8 19. Nh4 Qg5 20. Qf3 Rg8 21. g3 f5 22. Rg1 f4 23. Rad1 a5 24. Rg2 c6 25. Qxc6 Bxh3 26. Kxh3 Qg4+ 27. Kh2 Qxd1 28. gxf4 Qh5 29. Rxg8+ Kxg8 30. Qc8+ Kg7 31. Qh3 exf4 32. Nf5+ Kg6 33. Qxh5+ Kxh5 34. Nxd6 Kg4 35. Nb7 Kf3 36. Kg1 h5 37. Nxc5 h4 38. Nd3 Ke4 39. Kg2 f3+ 40. Kh3 Kd4 41. Kxh4 1-0

[Event "Steinfurt Bezirksliga 0203"]
[Site "Germany"]
[Date "2003.05.10"]
[Round "9.8"]
[White "Muhmann, Reinhard"]
[Black "Benson, Andre"]
[Result "1/2-1/2"]
[WhiteElo "1558"]
[BlackElo "1379"]
[PlyCount "78"]
[EventDate "2002.09.14"]
[EventType "team-tourn"]
[EventRounds "9"]
[EventCountry "GER"]
[SourceTitle "EXT 2004"]
[Source "ChessBase"]
[SourceDate "2003.11.25"]
[SourceVersion "1"]
[SourceVersionDate "2003.11.25"]
[SourceQuality "1"]
[WhiteTeam "Emsdetten Rochade II"]
[BlackTeam "Nordwalde II"]
[WhiteTeamCountry "GER"]
[BlackTeamCountry "GER"]

1. e4 d6 2. Nf3 Bg4 3. d4 g6 4. h3 Bxf3 5. Qxf3 e5 6. Bc4 Nf6 7. 0-0 Bg7 8. dxe5 dxe5 9. Rd1 Qe7 10. Nc3 0-0 11. Bg5 c6 12. Rd3 h6 13. Bxf6 Qxf6 14. Qg4 Rd8 15. Rxd8+ Qxd8 16. Qxg6 Qe7 17. Rd1 b5 18. Bb3 Kh8 19. Qxf7 Qxf7 20. Bxf7 Na6 21. Ne2 Rf8 22. Bg6 Nc5 23. b3 a5 24. Rd6 Rf6 25. Rxf6 Bxf6 26. f3 Ne6 27. Be8 Nd8 28. Kf2 b4 29. Nc1 c5 30. Ke3 Bg5+ 31. Kd3 Bxc1 32. Kc4 Ne6 33. Bd7 Nf8 34. Bf5 Be3 35. Kd5 Bd4 36. g3 Kg7 37. f4 exf4 38. gxf4 Kf6 39. Bg4 Ng6 1/2-1/2